| 000 | 00526 a2200169 4500 | ||
|---|---|---|---|
| 999 |
_c2762 _d2762 |
||
| 020 | _a086922431X | ||
| 050 | _aH62 McG 1987 | ||
| 100 |
_aMcGregor, I.W.C. _eauthor |
||
| 245 |
_aResearch and Reference techniques : _ba guide for college and high school students / _ccompiled by I.W.C. Mc Gregor. |
||
| 264 |
_aGweru, Zimbabwe : _bMambo Press, _cc1987 |
||
| 300 | _av, 21p. : | ||
| 500 | _aIncludes bibliography | ||
| 650 | _aResearch | ||
| 650 | _aReference techniques | ||
| 650 | _aCitations | ||
| 942 |
_2lcc _cBK _h62 _iMcG _kH |
||